000 00429nam a2200169Ia 4500
003 LK-CoDNM
005 20240920133257.0
008 010623t1840 xxu||||| |||| 00| 1 eng d
040 _aLK-CoDNM
_dLK-CoDNM
_eLK-CoDNM
041 _aeng
080 _a15
_bA20
245 _aNotes on Civil Practice under the Roman-Dutch Law -1840
260 _bExaminer
_aColombo
_c1840
300 _b83p. : 21 cm
650 _aLaw
942 _cBK
999 _c81175
_d81175